Statistics for Words in Countries

Click here to take the quiz!

General Stats

  • This quiz has been taken 55 times
  • The average score is 10 of 10

Answer Stats

CountryWord% Correct
YemenMen
100%
SpainPain
100%
QatarTar
100%
KiribatiBat
98%
CubaCub
98%
BrazilBra
96%
TurkeyKey
96%
BruneiRun
96%
FranceRan
94%
UgandaAnd
91%

Score Distribution

Percentile by Number Answered

Percent of People with Each Score

Your Score History

You have not taken this quiz